000 00580cam a22002053a 4500
001 44343
003 PGUSA
005 20140828084019.0
008 131203s2013||||xxu|||||s|||||000 | eng d
040 _aPGUSA
_beng
042 _adc
245 1 4 _aThe Journal of Negro History, Volume 8, 1923
_h[electronic resource] /
_cVarious
260 _bProject Gutenberg,
_c2013
506 _aPublic domain in the USA.
516 _aElectronic text
700 1 _aWoodson, Carter G.
830 0 _aProject Gutenberg
_v44343
856 4 0 _uhttp://www.gutenberg.org/ebooks/44343
942 _cEB
999 _c273594
_d273594